[Event "77. Alemania ch 2006"]
[Site "Osterburg GER"]
[Date "2006.02.07"]
[Round "6.4"]
[White "Naumann, Alexander"]
[Black "Prusikin, Michael"]
[Result "1/2-1/2"]
[WhiteElo "2532"]
[BlackElo "2563"]
[PlyCount "81"]
[EventDate "2006.02.04"]
[EventType "swiss"]
[EventRounds "9"]
[EventCountry "GER"]
[Source "lmi"]
[SourceDate "2006.02.11"]

1. e4 e6 2. d4 d5 3. Nd2 c5 4. exd5 Qxd5 5. Ngf3 cxd4 6. Bc4 Qd6 7. O-O Nf6 8.
Nb3 Nc6 9. Nbxd4 Nxd4 10. Nxd4 a6 11. a4 Bd7 12. b3 Qc7 13. Bb2 Bd6 14. h3 O-O
15. Qe2 e5 16. Nf3 e4 17. Nd2 Be5 18. Bxe5 Qxe5 19. a5 Rae8 20. Qe3 Bc6 21.
Rfe1 Nd7 22. Bf1 f5 23. f4 exf3 24. Qf2 Qc3 25. Nxf3 Rxe1 26. Qxe1 Qxc2 27. Rc1
Qe4 28. Bc4+ Kh8 29. Qxe4 fxe4 30. Nd4 Ne5 31. Nxc6 Nxc6 32. Bd5 Nxa5 33. b4
Nc6 34. Bxe4 Rf6 35. Rc5 g6 36. b5 axb5 37. Rxb5 Rf7 38. Rb6 Rc7 39. Kf2 Kg7
40. Kg3 Nd8 41. h4 1/2-1/2

[Event "77. Alemania ch 2006"]
[Site "Osterburg GER"]
[Date "2006.02.07"]
[Round "6.5"]
[White "Koepke, Christian"]
[Black "Henrichs, Thomas"]
[Result "0-1"]
[WhiteElo "2274"]
[BlackElo "2434"]
[PlyCount "72"]
[EventDate "2006.02.04"]
[EventType "swiss"]
[EventRounds "9"]
[EventCountry "GER"]
[Source "lmi"]
[SourceDate "2006.02.11"]

1. e4 c5 2. Nf3 d6 3. d4 cxd4 4. Nxd4 Nf6 5. Nc3 a6 6. Be3 e5 7. Nb3 Be6 8. f3
Be7 9. Qd2 O-O 10. O-O-O Nbd7 11. g4 b5 12. g5 b4 13. Ne2 Ne8 14. Ng3 a5 15.
Kb1 a4 16. Nc1 b3 17. cxb3 axb3 18. axb3 g6 19. Bb5 Qb8 20. Ba4 Nc5 21. Bxc5
dxc5 22. Bc6 Ra6 23. Bd5 Nc7 24. h4 Qa7 25. h5 Nb5 26. Nge2 Nd4 27. Nxd4 Ra1+
28. Kc2 cxd4 29. Bc4 Rc8 30. hxg6 Bxc4 31. bxc4 Rxc4+ 32. Kd3 Qa6 33. gxf7+ Kf8
34. Ke2 Rc2+ 35. Nd3 Rxd2+ 36. Kxd2 Bxg5+ 0-1

[Event "77. Alemania ch 2006"]
[Site "Osterburg GER"]
[Date "2006.02.07"]
[Round "6.7"]
[White "Graf, Alexander"]
[Black "Meins, Gerlef"]
[Result "1-0"]
[WhiteElo "2604"]
[BlackElo "2446"]
[PlyCount "75"]
[EventDate "2006.02.04"]
[EventType "swiss"]
[EventRounds "9"]
[EventCountry "GER"]
[Source "lmi"]
[SourceDate "2006.02.11"]

1. d4 d5 2. c4 e6 3. Nc3 c5 4. cxd5 exd5 5. Nf3 Nc6 6. g3 Nf6 7. Bg2 Be7 8. O-O
O-O 9. Bg5 c4 10. e3 Be6 11. Nd2 Qa5 12. a3 h6 13. Bxf6 Bxf6 14. Qh5 Rad8 15.
Rfc1 Rd6 16. b3 b5 17. a4 g6 18. Qf3 Bxd4 19. exd4 Nxd4 20. Qf6 cxb3 21. Qxd4
b2 22. Nxb5 bxc1=Q+ 23. Rxc1 Ra6 24. Ra1 Qb6 25. Qf4 Rc8 26. Bf1 Qb8 27. Qxh6
Qe5 28. Nb3 Bd7 29. Qd2 Bxb5 30. Bxb5 Rb6 31. Re1 Qd6 32. Nd4 a6 33. Bf1 Qb4
34. Qd1 Qc3 35. Ne2 Qb3 36. Qxb3 Rxb3 37. Nf4 Rc5 38. Bxa6 1-0

[Event "77. Alemania ch 2006"]
[Site "Osterburg GER"]
[Date "2006.02.07"]
[Round "6.8"]
[White "Meister, Jakov"]
[Black "Kunin, Vitaly"]
[Result "1/2-1/2"]
[WhiteElo "2493"]
[BlackElo "2462"]
[PlyCount "107"]
[EventDate "2006.02.04"]
[EventType "swiss"]
[EventRounds "9"]
[EventCountry "GER"]
[Source "lmi"]
[SourceDate "2006.02.11"]

1. e4 c5 2. Nf3 d6 3. d4 cxd4 4. Nxd4 Nf6 5. Nc3 a6 6. Be3 e5 7. Nb3 Be6 8. f3
h5 9. Qd2 Nbd7 10. Qf2 Rc8 11. Bd3 Be7 12. O-O h4 13. Rfd1 Nh5 14. Bf1 Nf4 15.
Rd2 Kf8 16. Rad1 Kg8 17. h3 Nh5 18. Nd5 Bf8 19. c4 Ng3 20. Rc2 f5 21. exf5 Bxf5
22. Rcc1 Qe8 23. Bd3 Bxd3 24. Rxd3 Qg6 25. Rdd1 Rh5 26. Nd2 Rf5 27. Qe1 Nf6 28.
Nxf6+ gxf6 29. Bf2 Nh5 30. Be3 Rc7 31. Qxh4 Rg7 32. Qf2 Ng3 33. Nf1 Ne4 34. Qe2
Ng3 35. Nxg3 Qxg3 36. Kf1 e4 37. f4 Rg6 38. Qf2 Qh2 39. Rd5 Rxd5 40. cxd5 f5
41. Rc7 Rg7 42. Rxg7+ Bxg7 43. b3 Bf6 44. a4 Kf7 45. Ke2 Bg7 46. Kd1 Bh6 47.
Kc2 Qh1 48. Bc1 Bg7 49. Qe2 Qg1 50. Qh5+ Kg8 51. Qxf5 Qxg2+ 52. Kb1 Qf3 53.
Qc8+ Kh7 54. Qf5+ 1/2-1/2

[Event "77. Alemania ch 2006"]
[Site "Osterburg GER"]
[Date "2006.02.07"]
[Round "6.9"]
[White "Baramidze, David"]
[Black "Becker, Michael"]
[Result "1-0"]
[WhiteElo "2554"]
[BlackElo "2320"]
[PlyCount "61"]
[EventDate "2006.02.04"]
[EventType "swiss"]
[EventRounds "9"]
[EventCountry "GER"]
[Source "lmi"]
[SourceDate "2006.02.11"]

1. e4 c5 2. Nf3 Nc6 3. d4 cxd4 4. Nxd4 g6 5. Be2 Bg7 6. Nb3 Nf6 7. Nc3 O-O 8.
O-O a6 9. Re1 b5 10. Bf1 Bb7 11. Nc5 Bc8 12. e5 Nxe5 13. Rxe5 d6 14. Rd5 Bg4
15. f3 Nxd5 16. Nxd5 dxc5 17. fxg4 e6 18. Ne3 Qb6 19. c3 Rad8 20. Qf3 f5 21.
gxf5 gxf5 22. g3 Rd7 23. Ng2 e5 24. a4 c4+ 25. Be3 Qg6 26. axb5 axb5 27. Ra5 e4
28. Qf2 Qc6 29. Be2 Be5 30. Qf1 Bc7 31. Rxb5 1-0

[Event "77. Alemania ch 2006"]
[Site "Osterburg GER"]
[Date "2006.02.07"]
[Round "6.10"]
[White "Heinig, Wolfram"]
[Black "Heinemann, Thies"]
[Result "1/2-1/2"]
[WhiteElo "2338"]
[BlackElo "2443"]
[PlyCount "32"]
[EventDate "2006.02.04"]
[EventType "swiss"]
[EventRounds "9"]
[EventCountry "GER"]
[Source "lmi"]
[SourceDate "2006.02.11"]

1. d4 Nf6 2. c4 c5 3. Nf3 cxd4 4. Nxd4 e5 5. Nb5 d5 6. cxd5 Bc5 7. e3 O-O 8. a3
Bg4 9. Be2 Bxe2 10. Qxe2 Nxd5 11. O-O Qe7 12. b4 Bb6 13. Rd1 Rd8 14. Bb2 Nc6
15. N1c3 Nxc3 16. Nxc3 Rxd1+ 1/2-1/2

[Event "77. Alemania ch 2006"]
[Site "Osterburg GER"]
[Date "2006.02.07"]
[Round "6.11"]
[White "Meier, Georg"]
[Black "Muranyi, Karl-Jasmin"]
[Result "1/2-1/2"]
[WhiteElo "2424"]
[BlackElo "2359"]
[PlyCount "78"]
[EventDate "2006.02.04"]
[EventType "swiss"]
[EventRounds "9"]
[EventCountry "GER"]
[Source "lmi"]
[SourceDate "2006.02.11"]

1. e4 e5 2. Nf3 Nc6 3. Bb5 Nge7 4. O-O Ng6 5. c3 a6 6. Ba4 d6 7. d4 Bd7 8. Nbd2
Be7 9. Re1 O-O 10. Nf1 Nh4 11. Nxh4 Bxh4 12. Ne3 Bg5 13. Nd5 Bxc1 14. Rxc1 b5
15. Bb3 Na5 16. dxe5 dxe5 17. Qh5 Nxb3 18. axb3 c6 19. Nb4 Qe7 20. Nd3 f6 21.
b4 a5 22. bxa5 Rxa5 23. b4 Ra2 24. Nc5 Rd8 25. Rcd1 Be8 26. Qg4 h5 27. Qf3 Bf7
28. h4 Qe8 29. Ra1 Rdd2 30. Rxa2 Bxa2 31. Rd1 Qd8 32. Rxd2 Qxd2 33. Kh2 Bc4 34.
Qg3 Kf7 35. Qf3 g6 36. Qe3 Qxe3 37. fxe3 Ke7 38. Kg3 Kd6 39. Kf3 Kc7 1/2-1/2

[Event "77. Alemania ch 2006"]
[Site "Osterburg GER"]
[Date "2006.02.07"]
[Round "6.12"]
[White "Schunk, Thomas"]
[Black "Bastian, Herbert"]
[Result "1/2-1/2"]
[WhiteElo "2315"]
[BlackElo "2413"]
[PlyCount "58"]
[EventDate "2006.02.04"]
[EventType "swiss"]
[EventRounds "9"]
[EventCountry "GER"]
[Source "lmi"]
[SourceDate "2006.02.11"]

1. c4 e5 2. Nc3 Nc6 3. g3 g6 4. Bg2 Bg7 5. e3 Nge7 6. Nge2 d6 7. O-O Bg4 8. h3
Be6 9. d4 exd4 10. exd4 Bxc4 11. d5 Ne5 12. f4 Nd7 13. g4 h5 14. Re1 hxg4 15.
hxg4 Kf8 16. Be3 Nf6 17. Ng3 Nexd5 18. Nxd5 Nxd5 19. Bxd5 Qh4 20. Kf2 Bxd5 21.
Qxd5 Qxg4 22. Rh1 Re8 23. Rxh8+ Bxh8 24. Re1 Bf6 25. Qxb7 Bh4 26. Qf3 Qh3 27.
Qg2 Qg4 28. Qf3 Qh3 29. Qg2 Qg4 1/2-1/2

[Event "77. Alemania ch 2006"]
[Site "Osterburg GER"]
[Date "2006.02.07"]
[Round "6.13"]
[White "Degtiarev, Jewgeni"]
[Black "Schunk, Eduard"]
[Result "1-0"]
[WhiteElo "2388"]
[BlackElo "2349"]
[PlyCount "83"]
[EventDate "2006.02.04"]
[EventType "swiss"]
[EventRounds "9"]
[EventCountry "GER"]
[Source "lmi"]
[SourceDate "2006.02.11"]

1. d4 Nf6 2. c4 g6 3. Nc3 Bg7 4. e4 d6 5. f3 O-O 6. Nge2 a6 7. Be3 Nc6 8. Qd2
Rb8 9. Rb1 Nd7 10. h4 h5 11. Bg5 Nb6 12. b3 Qe8 13. Nd5 Nxd5 14. cxd5 Nd8 15.
Ng3 e5 16. Be2 exd4 17. O-O Bd7 18. Rbe1 c5 19. Bd3 Bb5 20. Bxb5 axb5 21. Nf5
gxf5 22. exf5 Qd7 23. f6 Re8 24. fxg7 Rxe1 25. Rxe1 f6 26. Bxf6 Nf7 27. Re6 Ra8
28. f4 Nh6 29. f5 Ng4 30. Be7 Qe8 31. Bf8 Qf7 32. Rh6 Rxf8 33. gxf8=Q+ Kxf8 34.
Rxd6 Qxf5 35. Qe1 Qe5 36. Qxe5 Nxe5 37. Re6 c4 38. Kf1 Ng4 39. d6 Ne3+ 40. Ke2
Nxg2 41. Kf2 Nf4 42. Rf6+ 1-0

[Event "77. Alemania ch 2006"]
[Site "Osterburg GER"]
[Date "2006.02.07"]
[Round "6.14"]
[White "Michalczak, Thomas"]
[Black "Hoepfl, Thomas"]
[Result "1/2-1/2"]
[WhiteElo "2361"]
[BlackElo "2313"]
[PlyCount "127"]
[EventDate "2006.02.04"]
[EventType "swiss"]
[EventRounds "9"]
[EventCountry "GER"]
[Source "lmi"]
[SourceDate "2006.02.11"]

1. e4 c5 2. c3 d6 3. d4 Nf6 4. Bd3 g6 5. dxc5 dxc5 6. e5 c4 7. Qa4+ Bd7 8. Qxc4
Ng4 9. f4 Qb6 10. Qd4 Qxd4 11. cxd4 Nc6 12. Nc3 Nxd4 13. h3 Nh6 14. Be3 Nhf5
15. Bf2 Bc6 16. Rh2 h5 17. g3 a6 18. O-O-O O-O-O 19. Bxd4 Nxd4 20. Rhd2 Ne6 21.
h4 Bh6 22. Nh3 Rd4 23. Ne2 Rd7 24. Bc4 Rxd2 25. Rxd2 Nd8 26. Nd4 Bd7 27. Nf2
Bf5 28. Nxf5 gxf5 29. Bd3 Rg8 30. Nh1 e6 31. Be2 f6 32. exf6 e5 33. Bc4 Rf8 34.
Kd1 exf4 35. gxf4 Rxf6 36. Ng3 Bxf4 37. Nxh5 Rc6 38. Nxf4 Rxc4 39. Rc2 Rxc2 40.
Kxc2 Kd7 41. Kd3 Kd6 42. Kd4 Nc6+ 43. Ke3 Ne5 44. Nd3 Nf7 45. Kf4 Ke6 46. Nc5+
Kf6 47. Nxb7 Ne5 48. Nc5 a5 49. b3 Nc6 50. Nb7 Kg6 51. a3 Kf6 52. a4 Kg6 53.
h5+ Kxh5 54. Kxf5 Nd4+ 55. Ke4 Nxb3 56. Kd3 Kg5 57. Kc4 Nd2+ 58. Kd4 Kf6 59.
Nxa5 Ke6 60. Kc5 Kd7 61. Kb6 Kc8 62. Nc6 Nc4+ 63. Kb5 Kc7 64. a5 1/2-1/2

[Event "77. Alemania ch 2006"]
[Site "Osterburg GER"]
[Date "2006.02.07"]
[Round "6.15"]
[White "Brener, Ilja"]
[Black "Espig, Lutz"]
[Result "1/2-1/2"]
[WhiteElo "2323"]
[BlackElo "2402"]
[PlyCount "133"]
[EventDate "2006.02.04"]
[EventType "swiss"]
[EventRounds "9"]
[EventCountry "GER"]
[Source "lmi"]
[SourceDate "2006.02.11"]

1. d4 Nf6 2. c4 d6 3. Nc3 Nbd7 4. e4 e5 5. Nf3 g6 6. Be2 Bg7 7. d5 O-O 8. O-O
Nc5 9. Nd2 a5 10. b3 Ne8 11. a3 f5 12. Rb1 Nf6 13. b4 axb4 14. axb4 Ncxe4 15.
Ndxe4 Nxe4 16. Nxe4 fxe4 17. Be3 b6 18. c5 bxc5 19. bxc5 dxc5 20. Bxc5 Rf6 21.
Qd2 Ba6 22. Rfd1 Bf8 23. Be3 Rd6 24. Bxa6 Rdxa6 25. Qe2 Ra4 26. Qg4 Qc8 27. Qe2
Bd6 28. h3 Qf5 29. Rb2 Qf7 30. Qd2 h5 31. Rdb1 Kh7 32. Qd1 Ra3 33. Rb3 R8a5 34.
Rxa3 Rxa3 35. Kh2 Rd3 36. Qa4 Rxd5 37. Rb8 Bf8 38. Qxe4 Bh6 39. Bxh6 Kxh6 40.
Rc8 Rc5 41. Qe2 Qf5 42. Re8 Qf7 43. Rb8 Qc4 44. Qxc4 Rxc4 45. g3 Kg5 46. h4+
Kf5 47. Kg2 e4 48. Rf8+ Ke6 49. Re8+ Kf7 50. Re5 Kf6 51. Re8 Kf5 52. Kf1 Rc6
53. Rf8+ Rf6 54. Rc8 c6 55. Re8 Re6 56. Rf8+ Ke5 57. Ke2 Kd4 58. Rd8+ Kc4 59.
Rd1 c5 60. Rc1+ Kb4 61. Rb1+ Ka3 62. Kd2 Rf6 63. Kc3 Rf3+ 64. Kc4 Rxf2 65. Kxc5
e3 66. Re1 Rf3 67. Kd4 1/2-1/2

[Event "77. Alemania ch 2006"]
[Site "Osterburg GER"]
[Date "2006.02.07"]
[Round "6.16"]
[White "Rother, Christoph"]
[Black "Stolz, Mike"]
[Result "1-0"]
[WhiteElo "2293"]
[BlackElo "2385"]
[PlyCount "75"]
[EventDate "2006.02.04"]
[EventType "swiss"]
[EventRounds "9"]
[EventCountry "GER"]
[Source "lmi"]
[SourceDate "2006.02.11"]

1. d4 Nf6 2. c4 g6 3. Nc3 Bg7 4. e4 d6 5. Be2 O-O 6. Bg5 Na6 7. Qd2 c6 8. f3 e5
9. d5 cxd5 10. cxd5 Bd7 11. g4 Qb6 12. Nh3 Rfc8 13. Nf2 Nc5 14. O-O a5 15. Rfc1
a4 16. Be3 Qa5 17. Nd3 b5 18. Nd1 Qxd2 19. Bxd2 Ne8 20. Nb4 f5 21. gxf5 gxf5
22. Nc3 Bf6 23. Kh1 Rab8 24. Rg1+ Kf7 25. exf5 Rb7 26. Rg2 Ng7 27. Ne4 Nxf5 28.
Bg5 Nxe4 29. fxe4 Bxg5 30. Rxg5 Ng7 31. Rag1 Rg8 32. Nc6 Kf6 33. h4 Bxc6 34.
dxc6 Rc7 35. h5 h6 36. Rg6+ Kf7 37. Rxd6 Ne8 38. Rd7+ 1-0

[Event "77. Alemania ch 2006"]
[Site "Osterburg GER"]
[Date "2006.02.07"]
[Round "6.17"]
[White "Reuss, Andreas"]
[Black "Knuth, Hannes"]
[Result "1-0"]
[WhiteElo "2354"]
[BlackElo "2283"]
[PlyCount "126"]
[EventDate "2006.02.04"]
[EventType "swiss"]
[EventRounds "9"]
[EventCountry "GER"]
[Source "lmi"]
[SourceDate "2006.02.11"]

1. c4 e5 2. Nc3 Nf6 3. d3 Bb4 4. Bd2 O-O 5. g3 Re8 6. Bg2 c6 7. Qb3 Na6 8. a3
Bf8 9. Ne4 Nxe4 10. dxe4 Nc5 11. Qc2 a5 12. Rd1 a4 13. Bc3 Qc7 14. Nf3 Nb3 15.
O-O Bc5 16. Bh3 d6 17. Bxc8 Qxc8 18. Kg2 Qe6 19. Nd2 Nd4 20. Qd3 b5 21. e3 bxc4
22. Qxc4 Nb5 23. Bb4 Bxb4 24. Qxe6 Rxe6 25. axb4 d5 26. Ra1 Ree8 27. Rfc1 Ra6
28. exd5 Rd8 29. Ne4 cxd5 30. Nc5 a3 31. bxa3 Rxa3 32. Rxa3 Nxa3 33. Nb7 Rb8
34. Na5 f6 35. Rc3 Nb5 36. Rc5 d4 37. exd4 Nxd4 38. Rc4 Rb6 39. f4 Kf7 40. Kf2
Ke6 41. g4 g6 42. fxe5 Kxe5 43. Ke3 Ne6 44. Re4+ Kd5 45. Kd3 f5 46. gxf5 gxf5
47. Rh4 Rb8 48. Nc4 h5 49. Kc3 Rf8 50. Rxh5 Nd4 51. Kd3 Nc6 52. Nb6+ Kd6 53.
Rh6+ Kc7 54. Nd5+ Kb7 55. b5 Ne5+ 56. Kd4 Nf3+ 57. Ke3 Ne5 58. Rh7+ Kb8 59. Kd4
Ng4 60. Ne7 Rd8+ 61. Kc5 Nf6 62. Nc6+ Kc8 63. Rf7 Nd7+ 1-0

[Event "77. Alemania ch 2006"]
[Site "Osterburg GER"]
[Date "2006.02.07"]
[Round "6.19"]
[White "Huschenbeth, Niclas"]
[Black "Schoene, Ralf"]
[Result "1-0"]
[WhiteElo "2287"]
[BlackElo "2339"]
[PlyCount "57"]
[EventDate "2006.02.04"]
[EventType "swiss"]
[EventRounds "9"]
[EventCountry "GER"]
[Source "lmi"]
[SourceDate "2006.02.11"]

1. e4 c6 2. d4 d5 3. Nc3 dxe4 4. Nxe4 Nd7 5. Ng5 Ngf6 6. Bd3 e6 7. N1f3 Bd6 8.
O-O Qc7 9. Qe2 O-O 10. Ne4 Bf4 11. Nxf6+ Nxf6 12. Ne5 Bxc1 13. Raxc1 c5 14. f4
Bd7 15. Rf3 Rfd8 16. Rh3 h6 17. g4 Qd6 18. c3 Nd5 19. Rf1 f6 20. g5 fxe5 21.
fxe5 Qe7 22. Qe4 g6 23. Rf6 Nxf6 24. exf6 Qh7 25. Rxh6 Be8 26. Rxh7 Kxh7 27.
Qh4+ Kg8 28. Qh6 Rd7 29. Bc4 1-0

[Event "77. Alemania ch 2006"]
[Site "Osterburg GER"]
[Date "2006.02.07"]
[Round "6.21"]
[White "Namyslo, Holger"]
[Black "Schuster, Martin"]
[Result "0-1"]
[WhiteElo "2279"]
[BlackElo "2222"]
[PlyCount "120"]
[EventDate "2006.02.04"]
[EventType "swiss"]
[EventRounds "9"]
[EventCountry "GER"]
[Source "lmi"]
[SourceDate "2006.02.11"]

1. e4 c6 2. d4 d5 3. exd5 cxd5 4. c4 Nf6 5. Nc3 e6 6. Nf3 Bb4 7. cxd5 Nxd5 8.
Bd2 Nc6 9. Bd3 Be7 10. O-O O-O 11. a3 Bf6 12. Qc2 g6 13. Bh6 Re8 14. Rad1 Nxc3
15. bxc3 Bd7 16. Rb1 Qc7 17. Qd2 e5 18. d5 e4 19. Bf4 Qc8 20. dxc6 Bxc6 21. Ne5
Bxe5 22. Bxe5 Rxe5 23. Bc4 Qf8 24. Qa2 Rf5 25. Rfe1 Rd8 26. Rb2 Qc5 27. a4 a6
28. Qb3 Kg7 29. h3 Rd6 30. Qa2 Rdf6 31. Rc2 Rf4 32. Bf1 h5 33. c4 h4 34. Rd2
Bxa4 35. Qb2 Bc6 36. Re3 a5 37. Kh2 R4f5 38. Kg1 Kh7 39. Kh2 Kh6 40. Kg1 Kg7
41. Kh1 a4 42. Kg1 Qe5 43. Qa3 Qc5 44. Qb2 Kh7 45. Kh1 Rd6 46. Kg1 Rff6 47.
Rxd6 Rxd6 48. Qe2 Qf5 49. Qb2 Rd1 50. Qc3 Qd7 51. Qf6 a3 52. Qxh4+ Kg8 53. Qf6
a2 54. Ra3 Rxf1+ 55. Kh2 Qc7+ 56. g3 a1=Q 57. Rxa1 Rxa1 58. Qxa1 Qd6 59. h4 Qd3
60. h5 gxh5 0-1

[Event "77. Alemania ch 2006"]
[Site "Osterburg GER"]
[Date "2006.02.07"]
[Round "6.22"]
[White "Bischoff, Dieter"]
[Black "Gikas, Andreas Basilius"]
[Result "1/2-1/2"]
[WhiteElo "2147"]
[BlackElo "2231"]
[PlyCount "29"]
[EventDate "2006.02.04"]
[EventType "swiss"]
[EventRounds "9"]
[EventCountry "GER"]
[Source "lmi"]
[SourceDate "2006.02.11"]

1. d4 d5 2. c4 c6 3. Nf3 Nf6 4. e3 Bg4 5. h3 Bh5 6. Nc3 e6 7. g4 Bg6 8. Ne5
Nfd7 9. Nxg6 hxg6 10. Bd2 Be7 11. Qf3 dxc4 12. Bxc4 Nb6 13. Bb3 a5 14. a3 N8d7
15. Rd1 1/2-1/2

[Event "77. Alemania ch 2006"]
[Site "Osterburg GER"]
[Date "2006.02.09"]
[Round "7.2"]
[White "Khenkin, Igor"]
[Black "Henrichs, Thomas"]
[Result "1/2-1/2"]
[WhiteElo "2595"]
[BlackElo "2434"]
[PlyCount "29"]
[EventDate "2006.02.04"]
[EventType "swiss"]
[EventRounds "9"]
[EventCountry "GER"]
[Source "lmi"]
[SourceDate "2006.02.11"]

1. d4 Nf6 2. c4 e6 3. Nf3 b6 4. Nc3 Bb7 5. a3 d5 6. cxd5 Nxd5 7. e3 Nd7 8. Bd3
c5 9. e4 N5f6 10. d5 exd5 11. exd5 Bd6 12. O-O O-O 13. Bg5 Qc7 14. Re1 Rfe8 15.
Qa4 1/2-1/2

[Event "77. Alemania ch 2006"]
[Site "Osterburg GER"]
[Date "2006.02.09"]
[Round "7.5"]
[White "Meister, Jakov"]
[Black "Naumann, Alexander"]
[Result "1/2-1/2"]
[WhiteElo "2493"]
[BlackElo "2532"]
[PlyCount "99"]
[EventDate "2006.02.04"]
[EventType "swiss"]
[EventRounds "9"]
[EventCountry "GER"]
[Source "lmi"]
[SourceDate "2006.02.11"]

1. e4 c5 2. Nf3 d6 3. d4 cxd4 4. Nxd4 Nf6 5. Nc3 a6 6. Be3 e5 7. Nb3 Be6 8. f3
Be7 9. Qd2 O-O 10. O-O-O Nbd7 11. g4 b5 12. Kb1 b4 13. Nd5 Bxd5 14. exd5 Nb6
15. Na5 Nbxd5 16. Nc6 Qc7 17. Nxe7+ Qxe7 18. Bg5 Rfd8 19. Bc4 Nb6 20. Qxb4 Nxc4
21. Qxc4 d5 22. Qe2 Rab8 23. b3 h6 24. Bf4 Ne4 25. fxe4 exf4 26. e5 f3 27. Qxf3
Qxe5 28. h4 Qe4 29. Rhf1 Qxf3 30. Rxf3 Rb4 31. c4 Rdb8 32. c5 Rxg4 33. Rxd5
Rxh4 34. Rd7 Rc8 35. Rfxf7 Rg4 36. Rc7 Rxc7 37. Rxc7 Kf8 38. Rc6 Ke7 39. Rxa6
h5 40. Ra7+ Ke6 41. Ra8 Kd5 42. Rh8 h4 43. Kb2 Kxc5 44. a4 g5 45. Rc8+ Kb6 46.
Rh8 Rg3 47. b4 h3 48. Rh6+ Kc7 49. a5 Rg4 50. Rxh3 1/2-1/2

[Event "77. Alemania ch 2006"]
[Site "Osterburg GER"]
[Date "2006.02.09"]
[Round "7.6"]
[White "Sprenger, Jan Michael"]
[Black "Baramidze, David"]
[Result "0-1"]
[WhiteElo "2505"]
[BlackElo "2554"]
[PlyCount "98"]
[EventDate "2006.02.04"]
[EventType "swiss"]
[EventRounds "9"]
[EventCountry "GER"]
[Source "lmi"]
[SourceDate "2006.02.11"]

1. e4 c5 2. Nf3 d6 3. d4 cxd4 4. Nxd4 Nf6 5. Nc3 a6 6. Be2 e6 7. O-O Bd7 8. f4
Nc6 9. Kh1 Qb6 10. Nb3 Be7 11. Bf3 O-O 12. a4 Qc7 13. Be3 b6 14. g4 d5 15. exd5
Nxd5 16. Bxd5 exd5 17. Nxd5 Qb7 18. Qf3 Bd8 19. f5 Qc8 20. Bf4 Ne7 21. Nxe7+
Bxe7 22. Nd4 Bf6 23. c3 Rd8 24. Rfd1 Qc5 25. b4 Qc8 26. a5 b5 27. g5 Bxd4 28.
Rxd4 Re8 29. Kg1 Bc6 30. Qd3 Bb7 31. Kf2 g6 32. fxg6 fxg6 33. Kg3 Qc6 34. Ra2
Qe6 35. Rd6 Qe1+ 36. Kh3 Bc8+ 37. Kg2 Bf5 38. Qg3 Qe4+ 39. Kf2 Rac8 40. Rad2
Qe1+ 41. Kg2 Be4+ 42. Kh3 Qf1+ 43. Kh4 Rxc3 44. Qxc3 Qxf4+ 45. Kh3 Qxg5 46.
Qb3+ Kf8 47. Qg3 Qh5+ 48. Qh4 Qf3+ 49. Qg3 Bf5+ 0-1

[Event "77. Alemania ch 2006"]
[Site "Osterburg GER"]
[Date "2006.02.09"]
[Round "7.7"]
[White "Tischbierek, Raj"]
[Black "Koepke, Christian"]
[Result "1/2-1/2"]
[WhiteElo "2466"]
[BlackElo "2274"]
[PlyCount "92"]
[EventDate "2006.02.04"]
[EventType "swiss"]
[EventRounds "9"]
[EventCountry "GER"]
[Source "lmi"]
[SourceDate "2006.02.11"]

1. Nf3 c5 2. b3 d5 3. e3 Nf6 4. Bb2 e6 5. c4 Bd6 6. Be2 O-O 7. O-O Nc6 8. cxd5
exd5 9. d4 Re8 10. dxc5 Bxc5 11. Nc3 Be6 12. Rc1 Qe7 13. Qc2 Bb6 14. Na4 Bc7
15. Nc5 Rac8 16. Qb1 Bd6 17. Bxf6 Qxf6 18. Nxb7 Ba3 19. b4 Bf5 20. Rxc6 Rxc6
21. Qb3 Rc3 22. Qa4 Ra8 23. Nd4 Qe7 24. Nc5 Bg6 25. Ndb3 Bb2 26. Bf3 Be4 27.
Bxe4 dxe4 28. Qc6 Rd8 29. Nd4 Rc1 30. Rxc1 Bxc1 31. g3 Qe8 32. Qxe4 Qxe4 33.
Nxe4 Bb2 34. Nc6 Rd1+ 35. Kg2 Ra1 36. Nxa7 Rxa2 37. Nc6 Ba3 38. b5 Rb2 39. Nd4
Be7 40. Kf3 Bd8 41. Nc6 Bb6 42. Nc3 Rb3 43. Nd5 Rxb5 44. Nxb6 Rxb6 45. Nd4 Rb2
46. h4 g6 1/2-1/2

[Event "77. Alemania ch 2006"]
[Site "Osterburg GER"]
[Date "2006.02.09"]
[Round "7.8"]
[White "Kunin, Vitaly"]
[Black "Degtiarev, Jewgeni"]
[Result "1-0"]
[WhiteElo "2462"]
[BlackElo "2388"]
[PlyCount "155"]
[EventDate "2006.02.04"]
[EventType "swiss"]
[EventRounds "9"]
[EventCountry "GER"]
[Source "lmi"]
[SourceDate "2006.02.11"]

1. d4 d5 2. c4 c6 3. Nf3 Nf6 4. Nc3 a6 5. c5 Bg4 6. Ne5 Be6 7. Bf4 Nbd7 8. e3
Nxe5 9. Bxe5 Nd7 10. Bg3 Bf5 11. b4 a5 12. b5 e5 13. Be2 Be7 14. O-O O-O 15. a4
Bf6 16. Ra3 Re8 17. Rb3 Nf8 18. Bd3 Bxd3 19. Qxd3 exd4 20. exd4 Ne6 21. bxc6
bxc6 22. Ne2 g6 23. Rb6 Qd7 24. Rfb1 Ng7 25. Bf4 Qf5 26. Qxf5 Nxf5 27. Rxc6
Bxd4 28. Kf1 Bg7 29. Rcb6 d4 30. Nc1 Ne7 31. Rb8 Raxb8 32. Rxb8 Rxb8 33. Bxb8
Nc6 34. Bc7 f5 35. Ke2 Kf7 36. Kd3 Ke6 37. Kc4 Kd7 38. Bb6 Ne5+ 39. Kxd4 Kc6
40. Nd3 Nf3+ 41. Ke3 Nxh2 42. Bxa5 Ng4+ 43. Ke2 Bd4 44. Bb6 Bc3 45. Nf4 Ne5 46.
Ne6 Nc4 47. Kd3 Nxb6 48. cxb6 Be1 49. Ke3 Kxb6 50. Nf8 Ka5 51. Nxh7 Kxa4 52.
Nf8 g5 53. Ne6 g4 54. g3 Kb4 55. Nd4 f4+ 56. gxf4 Kc5 57. Nc2 Ba5 58. Ke4 Kd6
59. Ne3 Ke6 60. Nxg4 Be1 61. f5+ Kf7 62. Kf4 Bd2+ 63. Kg3 Bg5 64. Ne5+ Kf6 65.
Kg4 Bc1 66. Nd3 Ba3 67. f3 Bf8 68. Nf2 Ba3 69. Ne4+ Kf7 70. Kg5 Bc1+ 71. f4 Be3
72. f6 Kf8 73. Kf5 Bc1 74. Ng5 Kg8 75. Kg6 Ba3 76. f7+ Kh8 77. Ne6 Be7 78.
f8=Q+ 1-0

[Event "77. Alemania ch 2006"]
[Site "Osterburg GER"]
[Date "2006.02.09"]
[Round "7.9"]
[White "Meins, Gerlef"]
[Black "Kaeser, Udo"]
[Result "1/2-1/2"]
[WhiteElo "2446"]
[BlackElo "2343"]
[PlyCount "85"]
[EventDate "2006.02.04"]
[EventType "swiss"]
[EventRounds "9"]
[EventCountry "GER"]
[Source "lmi"]
[SourceDate "2006.02.11"]

1. d4 d5 2. c4 e6 3. Nf3 c6 4. Qc2 Nf6 5. Nbd2 Nbd7 6. g3 Be7 7. Bg2 O-O 8. O-O
b6 9. e4 Nxe4 10. Nxe4 dxe4 11. Qxe4 Bb7 12. Bf4 Qc8 13. Qe2 Re8 14. Rad1 c5
15. Rfe1 cxd4 16. Nxd4 Bb4 17. Bd2 Bxd2 18. Rxd2 a6 19. Bxb7 Qxb7 20. Nf5 Reb8
21. Red1 Nf8 22. Ne3 Re8 23. Rd6 Rac8 24. Qd2 f6 25. Qd4 Rb8 26. b4 Rec8 27. h4
a5 28. a3 axb4 29. axb4 Rc6 30. Rxc6 Qxc6 31. Qd6 Qb7 32. Rc1 Rc8 33. b5 Kf7
34. c5 bxc5 35. Rxc5 Rxc5 36. Qxc5 Nd7 37. Qh5+ Kf8 38. Nc4 Qe4 39. Nd6 Qe1+
40. Kg2 Ke7 41. Nc8+ Kd8 42. Nd6 Ke7 43. Nc8+ 1/2-1/2